000 00655nas a2200241 4500
001 BR9404835
003 BR-BrBNA
005 20231205093637.0
007 ta
008 230509b bl.|||p| |||| 00| 00por d
040 _aBR-BrBNA
_bpor
_cBiblioteca Nacional de Agricultura
041 _a(Pt)
072 _aM12
100 1 _aVal, A.J. do
245 1 _aPiscicultura; nas aguas do Brasil
650 _aTruta
650 _aSalmao
650 _aPeixe de Agua Doce
650 _aTanque
773 0 _tGlobo Rural (Brazil)
_xISSN 0102-6178
_g(Sept 1992), v. 7(83) p. 48-53
_wBR9404835
909 _a202311
_bLúcia
_c55
_dLúcia Elande
942 _2AGRIS
_n0
_cANA
999 _c139631
_d139631